000 00397pam a2200157a 44500
008 230515b1996 xxu||||| |||| 00| 0 eng d
020 _aNULL
041 _aENGLISH
082 _a362.2083
100 _aROBERTS M.C.
245 _aMODEL PROGRAMS IN CHILD & FAMILY MENTAL HEALTH
250 _aNULL
260 _aNEW JERSEY
_bLEA AND FEBIGER PHILADELPHIA
_c1996
300 _a422
650 _aNULL
999 _c519209
_d519209